000 00926cam a22002537a 4500
001 625
005 20230824115459.0
008 040813s2004 nyua j 000 1 eng
020 _a0142400122
040 _aDLC
_cDLC
_dDLC
050 0 0 _aMLCS 2006/14067 (P)
082 0 4 _a[Fic]
_219
100 1 _aAdler, David A.
245 1 0 _aCam Jansen, the mystery of the dinosaur bones /
_cDavid A. Adler ; illustrated by Susanna Natti.
260 _aNew York :
_bPuffin Books,
_c2004.
300 _a56 pages :
_billustrations ;
_c22 cm.
490 0 _aThe Cam Jansen adventure series ;
_v#3
505 _aK
520 _aWhen she notices some bones missing from a dinosaur skeleton exhibited in the museum, a young girl with a photographic memory tries to discover who has been taking them and why.
521 _a610
_bLexile
521 _aK
_bRaz-Plus
906 _a7
_bcbc
_corigcop
_d4
_encip
_f20
_gy-gencatlg
942 _2ddc
_cBK
_n0
999 _c625
_d625